Noem alles wat we in de ruimte kunnen zien - Statistieken

Algemene statistieken
  • Deze quiz is 48 keer genomen
  • De gemiddelde score is 9 van 16
Antwoordstatistieken
Antwoord % Correct
Maan
86%
Zon
82%
Ster
80%
Jupiter
73%
Mars
73%
Mercurius
70%
Saturnus
70%
Venus
70%
Uranus
68%
Pluto
66%
Neptunus
61%
Aarde
59%
Planeet
43%
Melkweg
34%
Hemellichaam
2%
Exoplaneet
0%
Geen overeenkomende quizzen gevonden
Scoreverdeling
Procent van Mensen met Elke Score
Percentiel versus Aantal Correcte Antwoorden
Uw Scoregeschiedenis
U heeft deze quiz nog niet genomen